[Event "Agneaux St Lo op"]
[Site "Agneaux"]
[Date "2005.07.08"]
[Round "1"]
[White "Velec, Joze"]
[Black "Chaplain, Fabrice"]
[Result "0-1"]
[WhiteElo "1954"]
[BlackElo "2091"]
[PlyCount "64"]
[EventDate "2005.07.08"]
[EventType "swiss"]
[EventRounds "9"]
[EventCountry "FRA"]
[SourceTitle "CBM 107 Extra"]
[Source "ChessBase"]
[SourceDate "2005.09.01"]
[SourceVersion "1"]
[SourceVersionDate "2005.09.01"]
[SourceQuality "1"]

1. e4 c5 2. c4 Nc6 3. Nc3 Nf6 4. f4 d6 5. Nf3 e6 6. Be2 Be7 7. d3 d5 8. e5 Ng4 9. 0-0 Nh6 10. Rb1 b6 11. a3 Bb7 12. h3 Nf5 13. g4 Ng3 14. Rf2 d4 15. Ne4 Nxe4 16. dxe4 Qc7 17. Bd3 0-0-0 18. Bd2 f6 19. b4 Rdf8 20. b5 Nd8 21. a4 Nf7 22. exf6 gxf6 23. Rg2 Bd6 24. Qc1 f5 25. gxf5 exf5 26. e5 Bxf3 27. Bxf5+ Kb8 28. Rf2 Nxe5 29. fxe5 Rxf5 30. exd6 Qxd6 31. Rb3 Qg3+ 32. Kf1 Bg2+ 0-1

[Event "SLO Cup"]
[Site "Gostovanja"]
[Date "2005.05.16"]
[Round "1"]
[White "Cetina, Klemen"]
[Black "Velec, Joze"]
[Result "1-0"]
[WhiteElo "2211"]
[BlackElo "1885"]
[PlyCount "95"]
[EventDate "2005.05.16"]
[EventType "team"]
[EventRounds "4"]
[EventCountry "SLO"]
[SourceTitle "EXT 2009"]
[Source "ChessBase"]
[SourceDate "2008.11.26"]
[SourceVersion "1"]
[SourceVersionDate "2008.11.26"]
[SourceQuality "1"]
[WhiteTeam "Sentjur"]
[BlackTeam "Fram"]
[WhiteTeamCountry "SLO"]
[BlackTeamCountry "SLO"]

1. e4 c5 2. Nf3 Nc6 3. d4 cxd4 4. Nxd4 g6 5. c4 Bg7 6. Be3 d6 7. Nc3 Nf6 8. Be2 0-0 9. 0-0 a6 10. Qd2 Ng4 11. Bxg4 Bxg4 12. h3 Bd7 13. Rac1 Rc8 14. b3 Qa5 15. f4 b5 16. Nxc6 Bxc6 17. Nd5 Qd8 18. cxb5 axb5 19. Nb6 Rc7 20. Qb4 Qb8 21. Rc2 Bd7 22. Rxc7 Qxc7 23. Nd5 Qd8 24. Bb6 Qe8 25. Rc1 f5 26. e5 e6 27. Nc7 Qb8 28. Qxd6 Rf7 29. Nxb5 Qxd6 30. Nxd6 Rf8 31. Rc7 Be8 32. a4 g5 33. g3 gxf4 34. gxf4 Bh6 35. Be3 Bh5 36. a5 Be2 37. Kf2 Bd3 38. b4 Rb8 39. Rc8+ Rxc8 40. Nxc8 Bf8 41. Bc5 Bxc5+ 42. bxc5 Kf7 43. Ke3 Ba6 44. Nd6+ Ke7 45. c6 Kd8 46. Kd4 h5 47. h4 Kc7 48. Kc5 1-0